Bộ luật dân sự nước Cộng hòa Xã hội chủ nghĩa Việt Nam

Đã lưu trong:
書目詳細資料
企業作者: Việt Nam ( Cộng hòa Xã hội chủ nghĩa )
格式: 圖書
語言:Undetermined
出版: Hà Nội Chính trị Quốc gia 1999
主題:
標簽: 添加標簽
沒有標簽, 成為第一個標記此記錄!
Thư viện lưu trữ: Trung tâm Học liệu Trường Đại học Cần Thơ
LEADER 00693nam a2200193Ia 4500
001 CTU_39169
008 210402s9999 xx 000 0 und d
020 |c 23000 
082 |a 346.597 
082 |b V308 
110 |a Việt Nam ( Cộng hòa Xã hội chủ nghĩa ) 
245 0 |a Bộ luật dân sự nước Cộng hòa Xã hội chủ nghĩa Việt Nam 
245 0 |c Việt Nam ( Cộng hòa Xã hội chủ nghĩa ) 
260 |a Hà Nội 
260 |b Chính trị Quốc gia 
260 |c 1999 
650 |a Civil law ( vietnamese law ) 
904 |i Nguyễn Quang Điền 
980 |a Trung tâm Học liệu Trường Đại học Cần Thơ